Capilla de papel : (Record no. 193045)

MARC details
000 -LEADER
campo de control de longitud fija 01659nam a2200409 i 4500
001 - NÚMERO DE CONTROL
campo de control 193045
003 - IDENTIFICADOR DE NÚMERO DE CONTROL
campo de control SpMaBN
005 - FECHA Y HORA DE LA ÚLTIMA TRANSACCIÓN
campo de control 20250904233805.0
007 - CAMPO FIJO DE DESCRIPCIÓN FÍSICA--INFORMACIÓN GENERAL
campo de control de longitud fija ta
008 - DATOS DE LONGITUD FIJA--INFORMACIÓN GENERAL
campo de control de longitud fija 230726s2004 sp | o||| ||spa
016 7# - NÚMERO DE CONTROL DE UNA AGENCIA BIBLIOGRÁFICA NACIONAL
Número de control del registro bimoBNE20041089727
Fuente SpMaBN
017 ## - NÚMERO DE COPYRIGHT O DE DEPÓSITO LEGAL
Número de copyright o de depósito legal AS 2706-2004
Agencia que asigna Oficina Depósito Legal Asturias
035 ## - NÚMERO DE CONTROL DEL SISTEMA
Número de control de sistema (OCoLC)433205656
035 ## - NÚMERO DE CONTROL DEL SISTEMA
Número de control de sistema bimo0001988299
040 ## - FUENTE DE CATALOGACIÓN
Centro catalogador/agencia de origen SpMaBN
Lengua de catalogación spa
Centro/agencia transcriptor SpMaBN
Normas de descripción rdc
080 ## - NÚMERO DE LA CLASIFICACIÓN DECIMAL UNIVERSAL
Número de la Clasificación Decimal Universal 76 Velasco, Francisco (083.824)
100 ## - ENTRADA PRINCIPAL--NOMBRE DE PERSONA
Nombre de persona Velasco, Francisco,
Fechas asociadas al nombre 1955-
Número de control del registro de autoridad o número normalizado XX887214
9 (RLIN) 233853
245 10 - MENCIÓN DEL TÍTULO
Título Capilla de papel :
Resto del título 16 julio-22 agosto 2004 : [Museo Barjola] /
Mención de responsabilidad, etc. Francisco Velasco ; [textos, María del Mar Díaz González, Juan Martínez Moro, Ángel Antonio Rodríguez]
260 ## - PUBLICACIÓN, DISTRIBUCIÓN, ETC.
Lugar de publicación, distribución, etc. [Oviedo] :
Nombre del editor, distribuidor, etc. Servicio de Publicaciones del Principado de Asturias,
Fecha de publicación, distribución, etc. [2004]
300 ## - DESCRIPCIÓN FÍSICA
Extensión 76 p. :
Otras características físicas principalmente il. col. ;
Dimensiones 23 cm
336 ## - TIPO DE CONTENIDO
Fuente rdacontent
Término de tipo de contenido Texto
337 ## - TIPO DE MEDIO
Fuente rdamedia
Nombre/término del tipo de medio sin mediación
338 ## - TIPO DE SOPORTE
Fuente rdacarrier
Nombre/término del tipo de soporte volumen
500 ## - NOTA GENERAL
Nota general Catalogación provisional. Signatura: N 8545. Depósito J.
600 #0 - PUNTO DE ACCESO ADICIONAL DE MATERIA--NOMBRE DE PERSONA
Nombre de persona Velasco, Francisco,
Fechas asociadas al nombre 1955-
Fuente del encabezamiento o término embne
9 (RLIN) 233853
655 #7 - TERMINO DE INDIZACIÓN--GENERO/FORMA
9 (RLIN) 193628
Datos o término principal de género/forma Catálogos de exposiciones
700 1# - ENTRADA AGREGADA--NOMBRE PERSONAL
Nombre de persona Díaz González, María del Mar,
Fechas asociadas al nombre 1956-
9 (RLIN) 233855
700 1# - ENTRADA AGREGADA--NOMBRE PERSONAL
Nombre de persona Martínez Moro, Juan,
Fechas asociadas al nombre 1960-
9 (RLIN) 233856
700 ## - ENTRADA AGREGADA--NOMBRE PERSONAL
Nombre de persona Rodríguez, Ángel Antonio,
Fechas asociadas al nombre 1967-
9 (RLIN) 233857
710 2# - ENTRADA AGREGADA--NOMBRE DE ENTIDAD CORPORATIVA
Nombre de entidad corporativa o nombre de jurisdicción como elemento de entrada Museo Juan Barjola
9 (RLIN) 5886
852 ## - LOCALIZACIÓN
Ubicación ES-MaACL
Ubicación en estantería Depósito J
Número de control de estantería N 8545
Nota libre En proceso
itemnumber 200350
942 ## - ELEMENTOS DE ENTRADA SECUNDARIOS (KOHA)
Suprimir en OPAC No
Tipo de ítem Koha Libro impreso
Holdings
Estatus retirado Estado de pérdida Fuente del sistema de clasificación o colocación Estado de daño No para préstamo Biblioteca de origen Biblioteca actual Ubicación en estantería Fecha de adquisición Total de préstamos Signatura topográfica completa Código de barras Visto por última vez Precio de reemplazo Tipo de ítem Koha
    Clasificación decimal universal     Biblioteca del Ateneo de Madrid Biblioteca del Ateneo de Madrid Depósito J 01/07/2023   N-8545 101205643 26/07/2023 26/07/2023 Libro impreso